| 000 | 00393nam a22001577a 4500 | ||
|---|---|---|---|
| 003 | LK-CoDNM | ||
| 005 | 20250115141917.0 | ||
| 008 | 250115b |||||||| |||| 00| 0 eng d | ||
| 040 |
_aLK-CoDNM _dLK-CoDNM _eLK-CoDNM |
||
| 041 | _aeng | ||
| 080 |
_a9 _bAA8 |
||
| 245 | _aTransactions of the new york academy of sciences | ||
| 300 | _a106p. ; 25 cm | ||
| 650 | _aScience | ||
| 942 | _cBK | ||
| 999 |
_c236371 _d236371 |
||